| 000 | 00385nam a2200145Ia 4500 | ||
|---|---|---|---|
| 008 | 260417s2023 xx 000 0 und d | ||
| 041 | _aeng | ||
| 082 |
_a844.104416/PRA _bDI-1582 |
||
| 100 | _aDR. DISHA PRAJAPATI | ||
| 245 | _aPHARMACY LAW AND ETHICS | ||
| 260 |
_aPUNE _b2023 _bTECH KNOWLEDGE PUB |
||
| 300 | _aP.B./21.9p | ||
| 650 | _aPHARMACY LAW ETHICS | ||
| 700 | _aJAYA PATEL | ||
| 999 |
_c1220893 _d1220893 |
||